000 00408nam a2200181Ia 4500
001 8039
003 GE_BSU
008 181216s||||||||xx |||||||||||||| ||und||
040 _cGE_BSU
245 _aParis Match, du 19 AU 25septembre №3357.2013.
245 _b№3357
245 _cdir.red. O.Royant.
260 _aParis
260 _c2013
300 _a143p;29cm.
653 _aParis Match
942 _cCR
999 _c41378
_d41378